000 00945nam a2200289 i 4500
001 000044330
003 DO-SdBNP
005 20240513101742.0
007 ta
008 140613s2010 dr a 000 0 spa d
020 _a9789945140484
040 _aDO-SdBNP
_bspa
_cBNPHU
_erda
082 4 _222
100 1 _aWall, Isabella,
_972340
_eautora
245 1 0 _aPersiguiendo a rubirosa /
_cIsabella Wall, Marty Wall ; traducción, Rebeca Toribio ; prólogo, José Miguel Soto Jiménez.
250 _a4a ed.
264 _aSanto Domingo :
_bCorripio,
_c2010.
300 _a241 páginas :
_bilustraciones ;
_c22 cm.
336 _2rdacontent
_atexto
_btxt
337 _2rdamedia
_asin mediación
_bn
338 _2rdacarrier
_avolumen
_bnc
590 _aInventariado, 2024/BT
700 1 _aWall, Marty
_972341
700 1 _aToribio, Rebeca,
_etraducción
_972342
700 1 _aSoto Jiménez, José Miguel,
_d1956-
_eprólogo
_911668
942 _2ddc
_cLBS1
999 _c43819
_d43819